00509nam a2200145 a 450000100100000000500170001000800410002704000250006808200150009310000460010824501150015426000370026930000230030670000340032900002540720200930023751.0100702s1962 ag r 000 |aspa d aDO-SdBNPbspacBNPHU axxxbP163a1 aPalisa Mujica de Lacau, María Hortensia10aAntología comentarios de textos /cMaría Hortensia Palisa Mujica de Lacau , Mabel V. Manacorda de Rosetti. aBuenos Aires :bKapelusz,c1962. a313 p. : ;c20 cm.1 aMabel V. Manacorda de Rosetti